| 000 | 00645nam a2200217 i 4500 | ||
|---|---|---|---|
| 001 | 128463 | ||
| 003 | ES-MaACL | ||
| 005 | 20230906193307.0 | ||
| 007 | t| | ||
| 008 | 070514s1946 sp ||||1| spa d | ||
| 080 | _a82-311.2"19"=6 | ||
| 100 | 1 |
_aTabori, George. _9109037 |
|
| 245 | 1 | 3 |
_aEl escorpión bajo la piedra / _cGeorge Tabori ; traducida del inglés por Senén Talarn. |
| 260 |
_aBarcelona : _bVictoria, _c[1946] |
||
| 300 |
_a256 p. ; _c20 cm. |
||
| 490 | 1 | _aNovelas húngaras | |
| 700 | 1 |
_aTalarn, Senén. _9183483 |
|
| 830 | 0 |
_aNovelas húngaras _9186745 |
|
| 852 |
_aES-MaACL _jB-10499 _bR.22645 |
||
| 999 |
_c128463 _d128463 |
||